000 00369nam a22001577a 4500
999 _c11488
_d11488
003 OSt
008 220826b ||||| |||| 00| 0 eng d
020 _a005.43 KAU
082 _a005.43 KAU
100 _aKANETKAR, Yashavant
245 _aUNIX Shell Programming
250 _aRep
260 _aNew Delhi
_bBPB Publication
_c2020
300 _a443
942 _2ddc
_cBK
_03